Vista normal Vista MARC

Entrada Materia (personas)

Número de registros utilizados en: 1

001 - CONTROL NUMBER

  • control field: 86130

003 - CONTROL NUMBER IDENTIFIER

  • control field: Co-BoUCM

005 - DATE AND TIME OF LATEST TRANSACTION

  • control field: 20170602085805.0

008 - FIXED-LENGTH DATA ELEMENTS

  • fixed length control field: 170602|| aca||aabn | a|a d

040 ## - CATALOGING SOURCE

  • Original cataloging agency: Co-BoUCM
  • Transcribing agency: Co-BoUCM

100 ## - HEADING--PERSONAL NAME

  • Personal name: Escobar Gutiérrez, Héctor
  • Dates associated with a name: 1941-

670 ## - SOURCE DATA FOUND

  • Source citation: Work cat.: (Co-BoUCM)55752: Vanegas Vásquez, Orfa Kelita 86129, La estética de la herejía en Héctor Escobar Gutiérrez, 2007